Príručka k prijímacím skúškam z fyziky na STU v Bratislave

Bibliographic Details
Main Author: Holá, Oľga, 1947- (Author)
Format: Book
Language:Slovak
PhysicalDescription:68 strán schémy, tabuľky 20 cm
Published: Bratislava Slovenská technická univerzita 2003
ISBN:8022718602
Edition:2. vyd., 1. dotlač
Subjects:

MARC

LEADER 00000cam a2200000 a 4500
001 vtls001471554
003 SK-MaSNL
005 20260426020122.0
008 240226s2003 xo l erf 000 0 slo
015 |a SNBA2004/06-03478 
020 |a 8022718602 
035 |a SNK000426857 
035 |a urn:nbn:sk:snk-am3ixkm 
035 |a ED72D1EB-E594-4D3E-8E3B-5FD3FB35FFE6 
035 |a urn:nbn:sk:snk-am00g4bn 
040 |a SNK  |b slo  |c SNK  |e AACR2 
041 0 |a slo 
043 |a e-xo--- 
044 |a xo  |c SK 
072 7 |a 53  |x Fyzika  |2 konspekt 
072 7 |a 378  |x Vysoké školy  |2 konspekt 
080 |a 53(035)  |2 1997 
080 |a 53  |2 2011 
080 |a 378  |2 2011 
080 |a 37.091.212.2  |2 2011 
080 |a (035)  |2 2011 
080 |a 373.5.016  |2 2011 
080 |a (437.611)  |2 2011 
245 0 0 |a Príručka k prijímacím skúškam z fyziky na STU v Bratislave  |c [Oľga Holá... [et al.]] 
250 |a 2. vyd., 1. dotlač 
260 |a Bratislava  |b Slovenská technická univerzita  |c 2003 
300 |a 68 strán  |b schémy, tabuľky  |c 20 cm 
366 |e 1520 kusov 
610 2 7 |a Slovenská technická univerzita v Bratislave  |2 SNKKA  |9 239337 
650 0 7 |a fyzika  |2 SNKPH  |9 816 
650 0 7 |a vysoké školy  |2 SNKPH  |9 1277 
650 0 7 |a prijímacie skúšky  |2 SNKPH  |9 1229 
650 0 7 |a učivo stredných škôl  |2 SNKPH  |9 65982 
651 7 |a Bratislava (Slovensko)  |2 SNKPHgeo  |9 14568 
655 7 |a príručky  |2 SNKPH  |9 74364 
700 1 |a Holá, Oľga,  |d 1947-  |4 aut  |9 200279 
919 |a 80-227-1860-2 
958 |a OND 
999 |c 1202863  |d 1204793 
952 |t P60, <03>, [BOOK], {603}  |a SNK  |b SNK  |y PREZ  |7 0  |p 17A0422668  |o snkSC 115231  |i snkKSP 4284/2004  |0 0  |1 0  |4 0  |d 2004-03-22  |f 1  |l 0  |r 2025-10-03 00:00:00  |w 2026-02-24 
952 |t snkPRI 53(079)  |a SNKUST  |b SNKUST  |y PREZ  |7 0  |p 17A0422667  |o snkSC 115231 D1  |i snkKSP 4285/2004  |0 0  |1 0  |4 0  |d 2004-03-22  |l 0  |r 2025-03-21 00:00:00  |w 2026-02-24